Activate! B1+ : Workbook
Nội dung sách giới thiệu các bài tập về từ vựng, đọc hiểu, ngữ pháp, kỹ năng viết bài luận, và kèm theo đĩa CD để bạn đọc tham khảo.
সংরক্ষণ করুন:
| প্রধান লেখক: | |
|---|---|
| বিন্যাস: | গ্রন্থ |
| ভাষা: | Undetermined |
| প্রকাশিত: |
Pearson Education limited
England
2008
|
| বিষয়গুলি: | |
| ট্যাগগুলো: |
ট্যাগ যুক্ত করুন
কোনো ট্যাগ নেই, প্রথমজন হিসাবে ট্যাগ করুন!
|
| Thư viện lưu trữ: | Trung tâm Học liệu Trường Đại học Cần Thơ |
|---|
| LEADER | 00860nam a2200229Ia 4500 | ||
|---|---|---|---|
| 001 | CTU_196816 | ||
| 008 | 210402s9999 xx 000 0 und d | ||
| 020 | |c 101000 | ||
| 082 | |a 428.0076 | ||
| 082 | |b B268 | ||
| 100 | |a Barraclough, Carolyn | ||
| 245 | 0 | |a Activate! B1+ : | |
| 245 | 0 | |b Workbook | |
| 245 | 0 | |c Carolyn Barraclough, Megan Roderick | |
| 260 | |a Pearson Education limited | ||
| 260 | |b England | ||
| 260 | |c 2008 | ||
| 520 | |a Nội dung sách giới thiệu các bài tập về từ vựng, đọc hiểu, ngữ pháp, kỹ năng viết bài luận, và kèm theo đĩa CD để bạn đọc tham khảo. | ||
| 650 | |a English language,Anh ngữ | ||
| 650 | |x Problems, exercises, etc.,Câu hỏi và bài tập | ||
| 904 | |i Tuyến | ||
| 980 | |a Trung tâm Học liệu Trường Đại học Cần Thơ | ||